| 000 | 00627nam a2200181Ia 4500 | ||
|---|---|---|---|
| 003 | GCL | ||
| 008 | 140319s9999 xx 000 0 ara d | ||
| 040 |
_aGCL / _cGCL |
||
| 082 | 0 | 4 |
_a327.11 _bن م |
| 100 | 1 | _aنجيب عبدالله الرفاعى | |
| 245 | 1 | 0 |
_aمذكرات نائب عريف من قوات العدوان العراقى على الكويت / _cنجيب عبدالله الرفاعى |
| 300 | _a84 ص | ||
| 490 |
_aالعدوان العراقى على الكويت: دراسات ووثائق _v0 |
||
| 650 | 0 | 4 | _aالكويت |
| 650 | 0 | 4 | _aالعراق |
| 650 | 0 | 4 | _aحرب الخليج |
| 942 |
_2ddc _cBK |
||
| 999 |
_c43834 _d43834 |
||